Countries on the Tropic of Cancer Quiz Stats

 Plays Quiz Updated Sep 27, 2015

Score 0/16 Timer 04:00
1 Play Today
% Correct
Mexico
90.9%
India
90.2%
Egypt
86.8%
China
84.5%
Saudi Arabia
81%
Algeria
79.4%
Libya
79.3%
Mali
65.2%
% Correct
Myanmar
64.8%
Oman
64.2%
Bangladesh
63.6%
Niger
61.3%
United Arab Emirates
60.7%
Mauritania
57.5%
Taiwan
52%
Bahamas
44.8%

You're not logged in!

Compare scores with friends on all Sporcle quizzes.
OR
Log In

Sporcle TV

Today on Sporcle TV


Watch our educational content, quiz creation guides, and fun videos on Sporcle TV.

Show Comments

Extras

Top Quizzes Today


Score Distribution

Your Account Isn't Verified!

In order to create a playlist on Sporcle, you need to verify the email address you used during registration. Go to your Sporcle Settings to finish the process.

Report this User

Report this user for behavior that violates our Community Guidelines.

Details: